Hollow Knight Charms - Statistics

General Stats
  • This quiz has been taken 635 times
  • The average score is 33 of 45
Answer Stats
Answer % Correct
Quick Slash
86%
Wayward Compass
86%
Grimmchild
85%
Longnail
85%
Mark of Pride
84%
Shaman Stone
84%
Unbreakable Greed
81%
Void Heart
81%
Unbreakable Heart
80%
Unbreakable Strength
80%
Fragile Greed
79%
Fragile Strength
79%
Fragile Heart
78%
Grubsong
78%
Hiveblood
78%
Deep Focus
77%
Joni's Blessing
77%
Kingsoul
77%
Quick Focus
77%
Soul Catcher
77%
Dashmaster
75%
Lifeblood Heart
73%
Sharp Shadow
73%
Soul Eater
73%
Gathering Swarm
72%
Lifeblood Core
72%
Weaversong
72%
Heavy Blow
71%
Sprintmaster
71%
Shape of Unn
70%
Thorns of Agony
70%
Fury of The Fallen
68%
Defender's Crest
67%
Spell Twister
65%
Dreamshield
64%
Flukenest
64%
Glowing Womb
64%
Grubberfly's Elegy
64%
Baldur Shell
63%
Stalwart Shell
63%
Carefree Melody
62%
Steady Body
60%
Spore Shroom
59%
Nailmaster's Glory
58%
Dream Wielder
55%
No matching quizzes found
Score Distribution
Percent of People with Each Score
Percentile by Number Answered
Your Score History
You have not taken this quiz